Markets (Record no. 82164)
[ view plain ]
| 000 -LEADER | |
|---|---|
| fixed length control field | 01163cam a22002295a 4500 |
| 001 - CONTROL NUMBER | |
| control field | L149408 |
| 008 - FIXED-LENGTH DATA ELEMENTS--GENERAL INFORMATION | |
| fixed length control field | 100303e2010 xxk 000 0 eng d |
| 035 ## - SYSTEM CONTROL NUMBER | |
| System control number | (Sirsi) u149408 |
| 041 0# - LANGUAGE CODE | |
| Language code of text/sound track or separate title | eng |
| 100 1# - MAIN ENTRY--PERSONAL NAME | |
| Personal name | Eade, Christine |
| 245 00 - TITLE STATEMENT | |
| Title | Markets |
| Remainder of title | Bristol, Bath and Swindon |
| 260 ## - PUBLICATION, DISTRIBUTION, ETC. | |
| Date of publication, distribution, etc. | 2010 |
| 490 ## - SERIES STATEMENT | |
| Series statement | Property Week |
| Volume/sequential designation | 76(7) 19 February 2010, 41-50(6) |
| 520 ## - SUMMARY, ETC. | |
| Summary, etc. | SouthGate, Bath's new shopping centre, is close to total occupancy. Central Bristol office agents predict record take-up in March after 2009's 40% fall over 2008 levels. HDG Mansur will go ahead with Finzels Reach, its speculative premium Bristol office development. Industrial transactions in Bristol have fallen for the third consecutive year and Swindon industrial take-up has dropped to 675 000 sq ft in 2009. Bristol City football club and Sainsbury's are working to create a new venue to host 2018 World Cup fixtures. Deeley Freed is to submit planning application for casino in Bath. |
| 590 ## - LOCAL NOTE (RLIN) | |
| Local note | KA |
| 651 #4 - SUBJECT ADDED ENTRY--GEOGRAPHIC NAME | |
| Geographic name | Bristol |
| 651 4# - SUBJECT ADDED ENTRY--GEOGRAPHIC NAME | |
| Geographic name | Bath |
| 651 #4 - SUBJECT ADDED ENTRY--GEOGRAPHIC NAME | |
| Geographic name | Swindon |
| 690 ## - LOCAL SUBJECT ADDED ENTRY--TOPICAL TERM (OCLC, RLIN) | |
| Topical term or geographic name as entry element | PROPERTY-COMMERCIAL PROPERTY-COMMERCIAL PROPERTY MARKET |
| 700 1# - ADDED ENTRY--PERSONAL NAME | |
| Personal name | Read, Chris |
| 942 ## - ADDED ENTRY ELEMENTS (KOHA) | |
| Suppress in OPAC | 0 |
| Withdrawn status | Lost status | Source of classification or shelving scheme | Damaged status | Not for loan | Home library | Current library | Shelving location | Date acquired | Total Checkouts | Full call number | Barcode | Date last seen | Copy number | Price effective from | Koha item type |
|---|---|---|---|---|---|---|---|---|---|---|---|---|---|---|---|
| Dewey Decimal Classification | London | London | Journal article | 03/03/2010 | L149408 | 149408-1001 | 06/08/2019 | 1 | 06/08/2019 | Journal article |